000 00285nam a22001217a 4500
082 _a823
_bCLA/L
245 _aLITTLE RED RIDING HOOD
_bSHORT STORY
246 _aLITTLE RED RIDING HOOD
_bSHORT STORY
250 _a2003
260 _aDELHI
_bCLASSIC BOOKS
_c2003
300 _a213
942 _cBK
999 _c266
_d266